La sociología en las profesiones (Registro nro. 5812)

Detalles MARC
000 -LEADER
fixed length control field 01095 a2200193 4500
001 - CONTROL NUMBER
control field 54796
005 - DATE AND TIME OF LATEST TRANSACTION
control field 20260407155824.0
008 - FIXED-LENGTH DATA ELEMENTS--GENERAL INFORMATION
fixed length control field 260407a1967 arg spa d
003 - CONTROL NUMBER IDENTIFIER
control field AR-UNSa-BCEJYS
040 ## - CATALOGING SOURCE
Original cataloging agency AR-UNSa-BCEJYS
Language of cataloging spa
Transcribing agency AR-UNSa-BCEJYS
080 ## - UNIVERSAL DECIMAL CLASSIFICATION NUMBER
Universal Decimal Classification number 316
Common auxiliary subdivision Sociología
100 1# - MAIN ENTRY--PERSONAL NAME
Personal name Lazarsfeld, Paul F.
245 10 - TITLE STATEMENT
Title La sociología en las profesiones
264 #1 - PRODUCTION, PUBLICATION, DISTRIBUTION, MANUFACTURE, AND COPYRIGHT NOTICE
Place of production, publication, distribution, manufacture Buenos Aires :
Name of producer, publisher, distributor, manufacturer Paidós
Date of production, publication, distribution, manufacture, or copyright notice 1967
300 ## - PHYSICAL DESCRIPTION
Extent 231 p.
Dimensions 22 cm.
505 ## - FORMATTED CONTENTS NOTE
Formatted contents note Parte I: Perspectivas sociológicas - 1. La sociología y las otras ciencias sociales,por Neil J. Smelser - 2. La sociología y la educación general en el college,por Martín Bressler - 3. Aplicaciones ideológicas de la sociología,por Nathan Glazer - Parte II: La sociología en las profesiones - 4. Las profesiones jurídicas,por Hans Zeisel - 5. El científico social como testigo calificado en casos judiciales,por Arnold M. Rose - 6. La medicina,por Martín D. Hyman - 7. Asistencia social y bienestar social,por Henry J. Meyer,Eugene Litwak,Edwin J. Thomas y Robert D. Vinter
590 ## - LOCAL NOTE (RLIN)
Local note niveau_biblio:m niveau_hierar:0
942 ## - ADDED ENTRY ELEMENTS (KOHA)
Koha item type
Existencias
Withdrawn status Lost status Damaged status Not for loan Home library Current library Shelving location Date acquired Total checkouts Full call number Barcode Date last seen Price effective from Koha item type
        Biblioteca Prof. Eusebio Cleto del Rey Biblioteca Prof. Eusebio Cleto del Rey   07/04/2026   316 L431 L23655 07/04/2026 07/04/2026 Libro